[Event "ISR-chT"]
[Site "Ramat Aviv"]
[Date "2000.03.31"]
[Round "8.1"]
[White "Marin, Mihail"]
[Black "Smirin, Ilia"]
[Result "0-1"]
[WhiteElo "2555"]
[BlackElo "2666"]
[Annotator "Smirin,I"]
[PlyCount "116"]
[EventDate "2000.01.14"]
[EventType "team"]
[EventRounds "11"]
[EventCountry "ISR"]
[SourceTitle "CBM 077"]
[Source "ChessBase"]
[SourceDate "2000.07.27"]
[SourceVersion "1"]
[SourceVersionDate "2000.07.27"]
[SourceQuality "1"]
[WhiteTeam "Tel Aviv Ironi"]
[BlackTeam "Petah Tikva Elitzur"]
[WhiteTeamCountry "ISR"]
[BlackTeamCountry "ISR"]

1. c4 {Stohl. Tyomkin,D} g6 2. Nf3 Bg7 3. d4 Nf6 4. g3 O-O 5. Bg2 d6 6. O-O Nc6
7. Nc3 a6 8. h3 Rb8 9. e4 b5 10. e5 Nd7 (10... dxe5 {Stohl} 11. dxe5 Qxd1 12.
Rxd1 Nd7 13. e6 fxe6 14. cxb5 axb5 15. Bf4 b4 (15... Nde5 $143 16. Nxe5 Nxe5
17. Rac1 Bb7 18. Ne4 Ra8 $2 19. Rxc7 Bxe4 20. Bxe4 Rxa2 21. Rxe7 Nf7 22. b3 e5
23. Be3 Bf6 24. Rb7 Rb2 25. Rdd7 {1-0,Marin,M-Szabo,G/Bucharest/2000/}) 16. Na4
Nb6 17. Nxb6 Rxb6 18. Rac1 Bxb2 19. Bxc7 Ra6 20. Rc4 Bf6 $146 {This important
novelty enabled balck to solve his opening problems.} 21. h4 e5 22. Ng5 Nd4 23.
Rxb4 Kg7 24. Bd5 $6 (24. a4 $142) 24... Ne2+ 25. Kg2 Nc3 26. Rd3 Nxd5 27. Rxd5
Rxa2 28. Ne4 Bf5 $17 {Bosboom,M-Nijboer,F/NED-ch Rotterdam/2000/}) 11. e6 fxe6
12. d5 Na5 $5 13. cxb5 exd5 (13... Nf6 $5 $146 14. Qa4 (14. Nd4 $143 e5 15. Nc6
Nxc6 16. bxc6 e6 $13) 14... Nb7 $2 {0-1 Lopushnoy,D-Lobzhanidze,D/St.
Petersburg 1997/CBM 62/[Stohl] (29)} (14... c5 $142 $1 {(Stohl) []} 15. dxc6 (
15. bxc6 Nxd5 16. Nxd5 exd5 17. Qh4 $5 $36) 15... axb5 16. Nxb5 Nxc6 17. Nbd4
$14)) 14. Nd4 Nf6 15. bxa6 $6 $146 {The previously played 15.Nxd5 gives white
chances for advantage.} (15. Nxd5 $142) (15. Nxd5 {Dolmatov} axb5 $6 (15... e5
$1 16. Nc6 Nxc6 17. bxc6 Be6 18. b3 e4 19. Bg5 Bxd5 20. Bxf6 Qxf6 21. Qxd5+ $14
) 16. Bd2 $1 $16 {1-0 Geller,E-Chiburdanidze,M/Moscow 1981/MCL/[Dolmatov] (41)}
) 15... c6 {Now black get the strongest center it can be!} (15... e6 $5 16. Re1
Re8 {getting strong pawn centre.}) 16. a7 Ra8 17. Nxc6 $6 {[%mdl 1024] It was
actually the idea of white, which was started on 15th move. Stohl: 'White
decides to fight the powerful black pawns radically. Attempts to gain material
are not too promising due to his undeveloped pieces and ׻.'} (17. b4 e5 18.
Nb3 $1 Nxb3 (18... Nc4 19. Nxd5) 19. axb3 d4 $5 (19... Qb6 20. b5) 20. Bxc6
Bxh3 21. Nd5 $13) 17... Nxc6 18. Nxd5 (18. Bxd5+ Nxd5 19. Qxd5+ Kh8 20. Qxc6
Bxh3 $17) 18... Bd7 (18... Rxa7 {Stohl} 19. Nxf6+ Bxf6 20. Qd5+ Kh8 21. Qxc6
Bb7 22. Qc4 Bxg2 23. Kxg2 Qa8+ $44) 19. Be3 Nxa7 $1 {The forthcoming
transformations are in favour of black.  Stohl: 'Black will be forced to give
back some material, it's a question of choosing the best way, so that he will
get as much piece play with his minor pieces as possible.'} (19... Nxd5 20.
Qxd5+ (20. Bxd5+ e6 21. Bg2 d5 $17) 20... Kh8 21. Rac1 Rxa7 (21... Nxa7 $2 22.
Qxa8 Qxa8 23. Bxa8 Rxa8 24. Rc7 Bxh3 25. Rxa7 Rxa7 26. Bxa7 Bxf1 27. Kxf1 Bxb2
28. a4 Bc3 29. Bb6 $16 {and the o^a will cost Black his B.}) (21... Rf5 22. Qd2
$44) 22. Bxa7 Nxa7 $15 {White has some drawing chances.} (22... Nxa7 {Stohl}
23. Qb7 Nb5 $13 {/=/+})) 20. Bb6 (20. Nxf6+ $143 {Stohl} Bxf6 21. Qd5+ Kh8 22.
Qxa8 Qxa8 23. Bxa8 Rxa8 $17) 20... Qb8 (20... Qe8 $2 {Stohl} 21. Nc7 $18) 21.
Bc7 (21. Nxe7+ Kh8 22. Bxa8 Qxa8 $17 {'|^' Stohl. Stohl: '/^a8-h1,ע'}) 21...
Qe8 {'!?' Stohl.} (21... Qxb2 {Stohl} 22. Nxf6+ Qxf6 23. Bxa8 Bxh3 24. Bg2 Bxg2
25. Kxg2 Qf7 26. Rc1 Qxa2 $11) 22. Re1 (22. Nb6 {Stohl} Bc6 23. Qb3+ (23. Bxc6
Nxc6 24. Nxa8 Qxa8 $17) 23... Kh8 24. Rac1 Bxg2 25. Kxg2 Nc6 26. Nxa8 Qxa8 27.
Qf3 d5 28. Qc3 $15) 22... Nxd5 23. Qxd5+ e6 {'!' Stohl. Stohl: '[]'} (23... Qf7
$2 24. Rxe7) (23... Kh8 24. Qxa8 Qxa8 25. Bxa8 Rxa8 26. Rxe7 $11 {'+/=' Stohl.}
) 24. Qxa8 (24. Qxd6 {Stohl} Nb5 $19) 24... Qxa8 25. Bxa8 Rxa8 26. Bxd6 Nc6 $1
$17 {[%cal Gc6d4][%mdl 1024] '|^!?' Stohl. White has even some material
advantage, but black's position is much better - in a few moves black enters
all his pieces to the game, receiving a decisive initiative.} (26... Nb5 $2 27.
Be5) (26... Bxb2 {Stohl} 27. Rab1 Bf6 28. Be5 $11) 27. Red1 (27. Bc5 e5 $1 (
27... Ne5 28. Re3 Bc6 $6 29. f4) (27... Nd4 28. Bxd4 Bxd4 29. Re2 e5 30. Kh2
$15) 28. h4 Nd4 29. Bxd4 exd4 30. Re7 Bf5 $17 {[%csl Gd4,Yf5,Yg7][%cal Yf5c2]
Black pawn 'd' is much more dangerous than passed pawns of white.}) 27... Nd4 {
Stohl: 'Black increases the pressure without allowing White to activate his R.'
} (27... Bxb2 {Stohl} 28. Rab1 Bd4 (28... Rxa2 $2 29. Rd2 $18) 29. Rb7 $132)
28. a4 (28. f4 $142 $5 {Stohl} Rc8 {[%cal Rc8c2] /\Rc2->} 29. Be5 Nf3+ 30. Kf2
Nxe5 31. fxe5 Rc2+ 32. Ke3 $15) (28. Bc5 {Stohl} Ne2+ 29. Kf1 Bb5 30. a4 Bc4
$17) 28... Bc6 $1 {[%cal Gd4f3,Yg7b2] Capture on a4 would help white to change
pieces. Last move of black creates threat over white king.} 29. a5 {'?' Stohl.
Stohl: 'This loses an exchange by force.'} (29. f4 {Stohl} Nf3+ 30. Kf2 Bxb2
31. Ra2 Bd4+ 32. Ke2 $17) 29... Ne2+ 30. Kf1 (30. Kh2 {Stohl} Bxb2 31. Rab1 Nc3
$19) 30... Bb5 31. Kg2 Bxb2 32. Rab1 Bc6+ (32... Nc3 {Stohl} 33. Rxb2 Bc6+ $19)
33. Kf1 Nc3 {'-+' Stohl.} 34. Rxb2 Nxd1 35. Rb6 Bf3 $2 {Unaccurate move in
time pressure- black could finish this game much faster:} (35... Bd5 $142 36.
a6 Nc3 $19 {[%cal Gc3a4]}) 36. a6 Nc3 37. a7 $1 {White uses the dubious
position of black light pieces and keeps the pawn for a while.} (37. Rb3 {Stohl
} Ne4 (37... Rxa6 $2 38. Rb8+ Kg7 39. Be5+ Kf7 40. Bxc3 $11) 38. Bb4 Bd1 39.
Re3 Bc2 $19) 37... Bd5 {'!' Stohl.} (37... Rxa7 38. Rb8+ Kf7 (38... Kg7 39.
Be5+ {'=' Stohl.}) 39. Rf8+ $11) 38. Rb8+ Kf7 {Stohl: 'Despite White's
desperate resistance Black has full control over a8 and can gradually
extricate his pieces and realize his material advantage.'} 39. Bc5 Ne4 40. Be3
Nf6 41. f4 Nd7 42. Rb2 Ke7 43. Ke2 Rc8 44. g4 Kd6 45. g5 e5 $1 {Finally black
connected all his pieces and pawn 'a' isn't dangerous anymore.} 46. fxe5+ Kxe5
47. Rb4 Rc2+ 48. Kd3 Ra2 $19 49. Rb8 Kd6 {[%cal Gd7e5]} 50. Rd8 Ra3+ 51. Kd2
Ke6 52. Rh8 Ne5 53. Re8+ Kf5 54. Rf8+ Nf7 (54... Ke4 55. Rf4#) 55. Ke2 Ke4 56.
Re8+ Ne5 57. Bc5 Ra2+ 58. Ke1 (58. Kd1 Kd3 {[%cal Ra2a1]}) 58... Kf5 (58... Kf5
59. Be3 Nf3+ 60. Kd1 Nxg5 61. Bxg5 Bf3+ 62. Kc1 Kxg5 $19) 0-1

[Event "Cannes masters k.o."]
[Site "Cannes"]
[Date "2000.02.21"]
[Round "3.1"]
[White "Tkachiev, Vladislav"]
[Black "David, Alberto"]
[Result "1-0"]
[WhiteElo "2670"]
[BlackElo "2520"]
[Annotator "Stohl,I"]
[PlyCount "65"]
[EventDate "2000.02.19"]
[EventType "k.o."]
[EventRounds "5"]
[EventCountry "FRA"]
[SourceTitle "CBM 076"]
[Source "ChessBase"]
[SourceDate "2000.05.31"]
[SourceVersion "1"]
[SourceVersionDate "2000.05.31"]
[SourceQuality "1"]

1. d4 Nf6 2. c4 g6 3. g3 Bg7 4. Bg2 O-O 5. Nc3 d6 6. Nf3 Nc6 7. O-O a6 {
After getting a heavy beating in various g3 lines (Grunfeld,Benoni,King's
Indian) in their match last year David again plays this system against
Tkachiev. But White varies his opening choice.} 8. b3 (8. h3 Re8 9. Re1 Rb8 10.
e4 Nd7 (10... e5 $1 $132) 11. Be3 Na5 12. b3 b5 13. cxb5 axb5 14. Rc1 c6 15.
Qd2 e5 16. Red1 Qe7 17. dxe5 dxe5 18. Ne1 Nf8 19. Nd3 Ne6 20. Ne2 b4 21. Nc5
Bf8 22. Qc2 Rb5 23. Nxe6 Bxe6 24. Bf1 Qf6 25. Qb2 Qg7 26. Rc2 $16 {Tkachiev,
V-David,A/Cannes m/1999/}) 8... Rb8 9. e3 $5 {White comes up with a restrained
strategy, first safeguarding his central pawns.} (9. Bb2 {and}) (9. Nd5 {
are the more usual alternatives, which however give Black sufficient <=>.
Tkachiev's move is hardly any stronger, but has the advantage of being less
tested.}) 9... Re8 $146 ({More consistent (and played by Tkachiev himself) is} 
9... b5 10. Qe2 (10. Nd2 Bg4 $1 $132 (10... Bd7 11. Qe2 e5 12. d5 Ne7 13. Bb2
Nh5 14. c5 $1 dxc5 15. Nce4 Nxd5 16. Nxc5 Bc8 17. Rfd1 Qe7 18. Nxa6 Bxa6 19.
Bxd5 Nf6 20. Bg2 Nd7 21. Rac1 Nc5 22. Ne4 b4 23. Qc2 Ne6 24. Nc5 $16 {Zhang
Weida-Guo Yu/Ch China 1987})) 10... b4 (10... bxc4 11. Qxc4 Nb4 12. Rd1 a5 13.
Qe2 c5 14. Ba3 Ba6 15. Qd2 Nd7 16. Rac1 c4 17. e4 Nf6 18. Qg5 e5 19. Qe3 Qe7
20. Bf1 Rfd8 21. dxe5 dxe5 22. Nd2 $1 $16 {Vaulin,A-Rashkovsky,N/Kurgan/1993/})
(10... Na5 11. cxb5 axb5 12. b4 Nc6 13. a3 Na7 14. Bb2 Nd7 15. Rac1 Nb6 16. Ba1
c6 17. Nb1 Be6 18. Nbd2 h6 19. e4 Nc4 20. d5 cxd5 21. Bxg7 Kxg7 22. Nd4 Qb6 23.
Nxe6+ fxe6 24. exd5 Nxd2 25. Qxd2 e5 26. Qe3 Nc8 27. Rc6 $36 {Vaulin,A-Kaminik,
A/Bled/1991/}) 11. Nd5 (11. Na4 Bd7 12. Bb2 Na5 13. Rfd1 Qe8 14. Qc2 Bxa4 15.
bxa4 Nd7 16. c5 dxc5 17. Bf1 c4 18. Bxc4 Nxc4 19. Qxc4 Nb6 20. Qxa6 Nxa4 21.
Rab1 c5 22. Ba1 Nc3 23. Bxc3 bxc3 24. Rbc1 Ra8 25. Qc4 cxd4 26. Nxd4 Qa4 $11 {
1/2,Dizdarevic,E-Tkachiev,V/Solin/1999/}) 11... Nh5 $5 (11... Bb7 12. Bb2 Nd7
13. Rfd1 Qc8 14. e4 e6 15. Nf4 Ne7 16. Nd3 Ba8 17. Rac1 Qb7 18. d5 Bh6 19. Rc2
Rbe8 20. Qf1 c5 21. e5 exd5 22. exd6 Nf5 23. Nfe5 $16 {Cvitan,O-Socko,B/
Cappelle la Grande op/2000/}) 12. Bb2 e6 13. Nf4 Nxf4 14. exf4 Ne7 15. Rfd1 Bb7
16. Ne1 Bxg2 17. Nxg2 c6 18. Ne3 Nf5 19. a3 a5 20. axb4 Rxb4 21. Nxf5 exf5 22.
Qc2 Qb6 23. Ba3 Rxb3 24. Bxd6 Ra8 25. Bc7 Rb2 26. Bxb6 Rxc2 27. Rxa5 $11 {
1/2,Blagojevic,D-Pikula,D/Podgorica/1996/}) (9... e5 10. dxe5 dxe5 11. Ba3 Re8
12. Qxd8 Rxd8 13. Rad1 Rxd1 $2 (13... Bf5 $14) 14. Rxd1 Bf8 15. Bb2 Ne8 16.
Nxe5 $1 Nxe5 17. Rd8 Nd6 18. Nd5 f6 19. Nxf6+ Kf7 20. Bxe5 Ke7 21. Bxd6+ {
1-0,Makarov,M-Monin,N/Budapest/1992/}) (9... Bd7 10. Qe2 (10. Bb2 e5 (10... b5
11. Nd2 e5 12. d5 Ne7 13. Rc1 h5 14. Qe2 Nh7 15. e4 Qe8 16. c5 dxc5 $6 17. Nd1
c6 18. Rxc5 cxd5 19. exd5 Nf5 20. Re1 Qe7 21. Rc1 Rfe8 22. Ne4 Nd6 23. Nc5 Bg4
24. Qd2 Qa7 25. Ne3 Bh6 26. Qa5 $16 {Grabarczyk,M-Markowski,T/POL-ch/1996/})
11. dxe5 dxe5 12. Nd5 Re8 13. Nd2 Be6 14. Nxf6+ Qxf6 15. Ne4 Qe7 16. Nc3 Nb4
17. Qe2 a5 18. Rfd1 c6 19. Rd2 Rbd8 20. Rad1 f5 21. a3 Na6 22. Na4 Rxd2 23.
Qxd2 Nc5 24. Nxc5 Qxc5 25. Bf1 Bf6 $11 {Makarov,M-Kryschilovskij,A/St
Petersburg/1999/ (26)}) 10... e5 11. dxe5 dxe5 12. Ba3 Re8 13. Rad1 Qc8 14. Ng5
h6 15. Nge4 Nxe4 16. Nxe4 Bg4 17. f3 Be6 18. Nc3 Ne7 19. Rc1 Nf5 20. Ne4 Bd7
21. Qf2 Bc6 22. Nc3 Ne7 23. e4 Bd7 24. Nd5 Nc6 25. Kh1 f5 26. exf5 $14 {
1/2,Makarov,M-Morozevich,A/Tomsk/1998/}) 10. Bb2 Bd7 11. Rc1 e6 $6 {Too
passive.} (11... b5 $142 12. Nd2 (12. cxb5 axb5 13. d5 (13. Qe2 Na5 $132) 13...
Na5 14. Nd4 b4 15. Nce2 e6 $13) (12. Qe2 Na5 13. Nd2 b4 14. Nd5 Nxd5 15. Bxd5
c5 $11) 12... Na5 13. Ba1 $5 $14 {()}) 12. Ba1 {[%mdl 4] White must patiently
improve his position before advancing his P.} b5 13. Nd2 Ne7 $6 (13... Na5 $142
) 14. Qc2 $14 {()[+]} Bc8 (14... Bc6 15. e4 (15. Bxc6 $2 Nxc6 16. cxb5 Nb4 $1
17. Qd1 axb5 $11) 15... bxc4 16. bxc4 $16) 15. Rfd1 Bb7 16. e4 Nc6 (16... bxc4
$142 17. bxc4 (17. Nxc4 d5 18. Na5 dxe4 19. Nxb7 Rxb7 20. Nxe4 Nxe4 21. Bxe4
Nd5 $11) 17... Nd7 (17... c5 18. dxc5 dxc5 19. e5 Nd7 20. Nde4 $16) 18. Nf3 f5
$5 $14 {<=>}) 17. Nf3 bxc4 18. bxc4 Nd7 19. Rb1 Ba8 20. a3 $1 Rxb1 (20... Qe7
21. d5 Nce5 $14) 21. Nxb1 Qb8 22. Nbd2 Qa7 23. Nb3 $36 {[%csl Ra7,Ra8] ףa7,
Ba8 Black's Q is misplaced.} e5 $2 {[%mdl 16384] After this strategical
blunder Black has no <=> against White's [+] anymore and he loses surprisingly
fast.} (23... a5 $142 24. d5 Nce5 25. Nxe5 Nxe5 26. Bd4 $14 {/+/-}) 24. d5 Ne7
25. Bc3 Nc5 (25... f5 26. Ng5 $16 {->}) 26. Nxc5 Qxc5 27. Bb4 Qa7 28. c5 $18 {
[%cal Rc5c6] /\c6} a5 (28... dxc5 $8 29. Bxc5 Qb8 30. Rb1 Qd8 (30... Qc8 31.
Bxe7 Rxe7 32. d6 Rd7 33. Bh3 f5 34. Qb3+ {[%cal Rb3b8] /\Qb8+-}) 31. Qa4 $18)
29. Qa4 Rd8 30. Qxa5 Qb8 (30... Qxa5 31. Bxa5 dxc5 32. Bxc7 $18) 31. c6 {
Black's Ba8 is dead, he is effectively a piece down.} Nc8 32. Rb1 Bh6 33. Qa6
1-0

[Event "Olympiad-33"]
[Site "Elista"]
[Date "1998.10.01"]
[Round "3.1"]
[White "Akopian, Vladimir Eduardovic"]
[Black "Bologan, Viktor"]
[Result "1-0"]
[WhiteElo "2655"]
[BlackElo "2585"]
[Annotator "Stohl,I"]
[PlyCount "91"]
[EventDate "1998.09.29"]
[EventType "team-swiss"]
[EventRounds "13"]
[EventCountry "RUS"]
[SourceTitle "CBM 068"]
[Source "ChessBase"]
[SourceDate "1999.02.01"]
[SourceVersion "1"]
[SourceVersionDate "1999.02.01"]
[SourceQuality "1"]
[WhiteTeam "Armenia"]
[BlackTeam "Moldova"]
[WhiteTeamCountry "ARM"]
[BlackTeamCountry "MDA"]

1. Nf3 Nf6 2. c4 g6 3. g3 Bg7 4. Bg2 O-O 5. O-O d6 6. Nc3 a6 7. d4 Nc6 8. b3
Rb8 9. Nd5 $5 {Romanishin's move, which attracted followers after practice
showed Black has only little problems after the natural} (9. Bb2 b5 10. cxb5
axb5 11. Rc1 b4 12. Na4 Na7 $5 13. Qc2 c6) 9... Nh5 $1 {Considered to be the
best reaction, leaving the Nd5 hanging in mid-air.} (9... b5 $143 10. Nxf6+
Bxf6 11. Bh6 Re8 12. Rc1 bxc4 (12... e5 13. dxe5 Nxe5 14. c5 Nxf3+ 15. Bxf3 Bh3
16. cxd6 $1 Qxd6 17. Qxd6 cxd6 18. Rfd1 $16 {Sturua,Z-Ioseliani,N/Tbilisi/1991/
}) 13. Rxc4 Bd7 14. Qd2 Na7 15. Rfc1 Rb6 16. e4 Rc6 17. Rxc6 Nxc6 18. d5 Nb8
19. Be3 c5 20. b4 cxb4 21. Qxb4 Bb5 22. a4 Bd3 23. Nd4 a5 24. Qd2 Ba6 25. Nc6
Nxc6 26. Rxc6 $16 {Romanishin,O-Kveinys,A/Bonn/1994/}) ({Very risky is also} 
9... Nxd5 10. cxd5 Nb4 11. e4 f5 $6 12. Ng5 fxe4 13. Bxe4 c6 14. Nxh7 $1 Kxh7
15. Qh5+ Kg8 16. Bxg6 Rf6 17. Qh7+ Kf8 18. Bh6 Rxg6 19. Qxg6 Bxh6 20. Qxh6+ $36
{Romanishin,O-Kantsler,B/Tbilisi/1986/}) 10. Bb2 e6 11. Ne3 $5 ({More usual,
although hardly better is the other retreat} 11. Nc3 b5 (11... Ne7 $143 $2 12.
a4 $1 f5 13. e4 h6 14. Re1 f4 15. e5 fxg3 16. hxg3 Nc6 17. Ba3 Rf7 18. exd6
cxd6 19. Ne4 Bf8 20. Qd3 Kh7 21. d5 exd5 22. Qxd5 Rf5 23. Qd2 $40 {Wojtkiewicz,
A-Jaracz,P/Warsaw/1995/}) 12. cxb5 (12. d5 $6 Ne7 13. dxe6 Bxe6 14. cxb5 axb5
15. Qd2 Nf6 16. Ng5 b4 17. Nce4 Ned5 18. Nxf6+ Nxf6 19. Rac1 Bd7 20. Rc4 c5 21.
Rd1 Rb6 22. Rf4 Qe7 23. h4 Bf5 24. Rf3 Ra6 $17 {Wojtkiewicz,A-Istratescu,A/
Krynica zt/1998/}) 12... axb5 13. Rc1 Ba6 $5 (13... b4 14. Nb1 (14. Na4 Na5 15.
Qc2 Ba6 16. Rfe1 c6 17. e4 Bb5 18. e5 Bh6 19. Rcd1 Bxa4 20. bxa4 d5 21. Bc1
Bxc1 22. Qxc1 Ng7 23. Re2 Nc4 24. Rde1 b3 25. axb3 Rxb3 {Kiselev,S-Kuzmin,A/
Moscow/1989/} 26. g4 $5 $13) 14... Na7 15. Ne1 Nb5 (15... c5 16. Rc2 Ba6 17.
Nf3 cxd4 18. Bxd4 Bxd4 19. Qxd4 Qb6 20. Rfc1 Qxd4 21. Nxd4 Nf6 22. Kf1 d5 23.
Ke1 Rb6 24. Nd2 $14 {<->c,><b4,Romanishin,O-Nevednichy,V/Biel op/1995/}) 16.
Qd2 Bb7 17. Rc4 Bxg2 18. Nxg2 c5 19. dxc5 dxc5 20. Qxd8 Rfxd8 21. Bxg7 Kxg7 22.
Rxc5 Nd4 $44 {Romanishin,O-Smirin,I/Ischia/1996/}) 14. Qd2 b4 15. Nb1 Ne7 16.
Ne1 c5 17. dxc5 dxc5 18. Bxg7 Nxg7 19. Nd3 Bxd3 20. Qxd3 Qxd3 21. exd3 Rb5 22.
Nd2 Ra5 23. Ne4 Ngf5 24. Nxc5 Rxa2 25. Rc4 Rb8 26. Nd7 Rb5 $36 {Romanishin,
O-Milov,V/Biel/1996/}) (11. Nf4 $6 Nxf4 12. gxf4 b5 13. Rc1 Bb7 (13... Ne7 $5
$15) 14. Qc2 bxc4 15. Qxc4 Nb4 16. Qxb4 Bxf3 17. Qd2 Bxg2 18. Kxg2 Rb5 19. Rc3
Rh5 20. Rg3 Qh4 21. h3 c5 $36 {Ribli,Z-Nevednichy,V/Odorheiu Secuiesc/1993/})
11... f5 (11... e5 $143 12. dxe5 Be6 $2 (12... Nxe5 13. Nxe5 dxe5 14. Qxd8 Rxd8
15. Rfd1 $36 {<->d}) 13. Nd4 Nxd4 14. Bxd4 dxe5 15. Ba7 Ra8 16. Bc5 e4 17. Bxf8
Bxa1 18. Qxa1 Qxf8 19. Bxe4 c6 20. Rd1 $16 {Jirovsky,M-Oral,T/CZE-ch/1994/})
12. Qd2 $1 (12. Qc1 $6 Ne7 13. Re1 b5 14. Nf1 bxc4 15. Qxc4 Nd5 16. e4 Ndf4 $1
17. gxf4 fxe4 18. N3d2 Nxf4 19. Ng3 {Romanishin,O-Pavlovic,M/Linares/1996/} d5
20. Qc2 Nd3 21. Re2 Nxb2 22. Qxb2 c5 $17) (12. Qc2 f4 $5 13. Nd1 e5 $36 {
and White's pieces are uncoordinated.}) 12... Ne7 13. Rac1 b6 $146 (13... h6 $6
14. c5 b5 15. cxb6 cxb6 16. Ba3 $1 b5 17. Bb4 f4 18. Nd1 Nd5 19. Ba5 Qe7 20.
Nc3 Nhf6 21. Nh4 Qe8 22. Nxd5 Nxd5 23. Bxd5 exd5 24. Bc7 Ra8 25. Bxd6 Rf7 26.
Be5 Bxe5 27. dxe5 g5 28. Nf3 Bb7 29. Qd4 $18 {Supatashvili,K-Zakharstov,V/
Cherkessk/1997/}) (13... Bd7 14. c5 Nf6 $5 $14 (14... Bc6 15. cxd6 cxd6 16. Ng5
$1 Qd7 (16... Bxg2 $2 17. Nxe6 $18) 17. Nxe6 Qxe6 18. d5 Nxd5 19. Bxd5 Bxd5 20.
Bxg7 $36)) 14. c5 $1 {[%mdl 512] White sacrifices a pawn just to break up
Black's flexible hedgehog-like pawn chain. With his R prepared on the open
files it's a good investment.} (14. Rfd1 Bb7 15. c5 Bh6 $5 {/\Nd5<=>}) 14...
dxc5 $6 (14... Bb7 15. cxb6 cxb6 16. Ng5 $36) ({Even here Black should have
seriously considered declining the offer with e.g.} 14... Bh6 $5 $13) 15. Rfd1
$44 f4 $6 (15... cxd4 $142 16. Nxd4 $36 e5 (16... c5 $6 17. Ndxf5 $1 Qxd2 18.
Nxe7+ Kf7 19. Rxd2 Bxb2 20. Rxb2 Kxe7 21. b4 $16) 17. Nc6 Nxc6 18. Rxc6 $44)
16. Ng4 cxd4 17. Bxd4 e5 {Black gives the pawn back to free his position, but
with his beautifully centralized pieces White will have a strong initiative.
But it's already difficult to reccomend anything else-} (17... c5 $2 18. Bxg7
Qxd2 19. Be5 $3 Qxd1+ 20. Rxd1 $18 {/\Nh6#,Bb8}) (17... Bxd4 18. Nxd4 c5 19.
Qb2 $1 {/\} cxd4 20. Rxd4 Qe8 21. Rd8 $1 $18) (17... Nd5 18. Bxg7 Kxg7 19. Qd4+
Nhf6 20. gxf4 $16) 18. Ngxe5 c5 19. Bc3 Qxd2 20. Rxd2 fxg3 21. hxg3 $16 Nf6 22.
Ng5 Bf5 (22... h6 $142 $5 23. Ne4 (23. Ngf7 Rxf7 24. Nxf7 Kxf7 25. Be5 Rb7 (
25... Ne4 $2 26. Bxb8 Nxd2 27. Rd1 Bc3 28. Bf4 $16) 26. Bxb7 Bxb7 $13) 23...
Nxe4 24. Bxe4 Bf5 25. Bxf5 Rxf5 26. f4 $36) 23. e4 Bc8 24. Nc4 {/\e5,Nd6->} h6
$8 25. Be5 Rb7 26. Bd6 $1 hxg5 (26... b5 27. e5 $18) 27. e5 Ng4 $5 {The best
practical chance.} (27... Rd7 28. Nxb6 $1 $18) (27... Ne8 28. Bxb7 Nxd6 29.
exd6 $18) (27... Ra7 28. exf6 Bxf6 29. Nxb6 $18 {ק}) (27... Nfd5 28. Bxd5+
Nxd5 29. Bxf8 Kxf8 30. Rxd5 $18) 28. Bxb7 Bxb7 29. Bxe7 Rf7 30. Bxg5 {/\Nd6+-}
Bxe5 (30... Nxe5 31. Nxe5 (31. Rd8+ $5 Kh7 32. Nd6 Nf3+ 33. Kf1 Nxg5 34. Nxf7
Nxf7 35. Rd7 $18) 31... Bxe5 32. Re1 Bd4 (32... Rh7 33. Rd8+ $18) 33. Re6 $18)
31. Re1 Bd4 (31... Rh7 $2 32. Rd8+ Kf7 33. Rd7+ $18) 32. Rxd4 $1 $18 cxd4 33.
Nd6 Rxf2 (33... Rd7 34. Nxb7 Rxb7 35. Re4 $18 {traps the Ng4.}) 34. Re8+ Kg7
35. Re7+ Kg8 36. Re8+ Kg7 37. Re7+ Kg8 38. Rxb7 d3 39. Rb8+ Kh7 40. Rb7+ Kg8
41. Nc4 b5 42. Rb8+ Kg7 43. Ne5 d2 44. Rd8 $1 (44. Bxd2 Rxd2 45. Nxg4 Rxa2 46.
Rb7+ $18) 44... Re2 45. Rd7+ Kf8 (45... Kg8 46. Nxg4 Re1+ 47. Kf2 d1=Q 48. Nf6+
Kf8 49. Bh6#) (45... Kh8 46. Nxg6+ Kg8 47. Rxd2 $18) 46. Nxg4 $1 (46. Nxg4 Re1+
47. Kf2 d1=Q 48. Bh6+ Kg8 (48... Ke8 49. Nf6#) 49. Nf6+ Kh8 50. Bg7#) 1-0